<?xml version="1.0" encoding="UTF-8"?>
<record
    xmlns:xsi="http://www.w3.org/2001/XMLSchema-instance"
    xsi:schemaLocation="http://www.loc.gov/MARC21/slim http://www.loc.gov/standards/marcxml/schema/MARC21slim.xsd"
    xmlns="http://www.loc.gov/MARC21/slim">

  <leader>01190nam a22002537a 4500</leader>
  <datafield tag="999" ind1=" " ind2=" ">
    <subfield code="c">22155</subfield>
    <subfield code="d">22155</subfield>
  </datafield>
  <controlfield tag="003">AR-CdUCM</controlfield>
  <controlfield tag="008">190429b           ||||| |||| 00| 0 spa d</controlfield>
  <datafield tag="040" ind1=" " ind2=" ">
    <subfield code="a">MUNICIPALIDAD PROVINCIAL DEL CUSCO</subfield>
    <subfield code="c">BIBLIOTECA MUNICIPAL DEL CUSCO</subfield>
  </datafield>
  <datafield tag="082" ind1=" " ind2=" ">
    <subfield code="a">Edu.demo/N&#xB0;43/2009</subfield>
  </datafield>
  <datafield tag="245" ind1=" " ind2=" ">
    <subfield code="a">Educaci&#xF3;n y Democracia :</subfield>
    <subfield code="b">revista informativa e independiente /</subfield>
    <subfield code="c">Centro Cultural Millenium</subfield>
  </datafield>
  <datafield tag="260" ind1=" " ind2=" ">
    <subfield code="a">Cusco.</subfield>
    <subfield code="a">Lima.</subfield>
    <subfield code="b">Servap,</subfield>
    <subfield code="b">Centro Cultural Millenium,</subfield>
    <subfield code="c">2009.</subfield>
  </datafield>
  <datafield tag="300" ind1=" " ind2=" ">
    <subfield code="a">30 p&#xE1;ginas. :</subfield>
    <subfield code="c">21 cm.</subfield>
  </datafield>
  <datafield tag="440" ind1=" " ind2=" ">
    <subfield code="a">Educaci&#xF3;n y Democracia.</subfield>
    <subfield code="n">A&#xF1;o 5, N&#xB0;43, abril 2009.</subfield>
    <subfield code="9">47559</subfield>
  </datafield>
  <datafield tag="505" ind1=" " ind2=" ">
    <subfield code="a">Contenido: Choquequirao la hermana sagrada de Machupicchu. -- Alberto Fujimori el tiempo ser&#xE1; el mejor juez. -- Lengua del coraz&#xF3;n. Luis &#xC1;lvarez. -- M&#xE1;s alla de la haya el Per&#xFA; Chile que se viene por el Mar. -- Tejedora de sue&#xF1;os Mar&#xED;a del Socorro Tellado L&#xF3;pez conocida como Cr&#xED;n Tellado. ...</subfield>
  </datafield>
  <datafield tag="650" ind1=" " ind2=" ">
    <subfield code="a">Literatura cusque&#xF1;a</subfield>
    <subfield code="9">47540</subfield>
  </datafield>
  <datafield tag="650" ind1=" " ind2=" ">
    <subfield code="a">Literatura quechua</subfield>
    <subfield code="9">7789</subfield>
  </datafield>
  <datafield tag="650" ind1=" " ind2=" ">
    <subfield code="a">Interculturalidad</subfield>
    <subfield code="9">7556</subfield>
  </datafield>
  <datafield tag="650" ind1=" " ind2=" ">
    <subfield code="a">Idioma quechua</subfield>
    <subfield code="9">27790</subfield>
  </datafield>
  <datafield tag="700" ind1=" " ind2=" ">
    <subfield code="a">Cama Ttito, M&#xE1;ximo</subfield>
    <subfield code="9">47556</subfield>
  </datafield>
  <datafield tag="700" ind1=" " ind2=" ">
    <subfield code="a">Ca&#xF1;ari, Hilda</subfield>
    <subfield code="9">47557</subfield>
  </datafield>
  <datafield tag="700" ind1=" " ind2=" ">
    <subfield code="a">Sulca, Antonio</subfield>
    <subfield code="9">47558</subfield>
  </datafield>
  <datafield tag="942" ind1=" " ind2=" ">
    <subfield code="2">ddc</subfield>
    <subfield code="c">PP</subfield>
  </datafield>
  <datafield tag="945" ind1=" " ind2=" ">
    <subfield code="a">rac</subfield>
  </datafield>
  <datafield tag="952" ind1=" " ind2=" ">
    <subfield code="0">0</subfield>
    <subfield code="2">ddc</subfield>
    <subfield code="4">0</subfield>
    <subfield code="7">0</subfield>
    <subfield code="a">HEM</subfield>
    <subfield code="b">HEM</subfield>
    <subfield code="c">CART</subfield>
    <subfield code="d">2022-03-15</subfield>
    <subfield code="g">5.00</subfield>
    <subfield code="o">Edu.demo/N&#xB0;43/2009</subfield>
    <subfield code="p">REVC000687</subfield>
    <subfield code="r">2022-03-15</subfield>
    <subfield code="y">PP</subfield>
  </datafield>
</record>
